La campaña de Rusia / (Record no. 52858)
[ view plain ]
| 000 -LEADER | |
|---|---|
| campo de control de longitud fija | 00731nam a2200229 i 4500 |
| 001 - NÚMERO DE CONTROL | |
| campo de control | 52858 |
| 003 - IDENTIFICADOR DE NÚMERO DE CONTROL | |
| campo de control | ES-MaACL |
| 005 - FECHA Y HORA DE LA ÚLTIMA TRANSACCIÓN | |
| campo de control | 20250808022121.0 |
| 007 - CAMPO FIJO DE DESCRIPCIÓN FÍSICA--INFORMACIÓN GENERAL | |
| campo de control de longitud fija | t| |
| 008 - DATOS DE LONGITUD FIJA--INFORMACIÓN GENERAL | |
| campo de control de longitud fija | 030905s1951 sp ||||1| spa d |
| 100 1# - ENTRADA PRINCIPAL--NOMBRE DE PERSONA | |
| Nombre de persona | Degrelle, León. |
| 9 (RLIN) | 43231 |
| 245 13 - MENCIÓN DEL TÍTULO | |
| Título | La campaña de Rusia / |
| Mención de responsabilidad, etc. | León Degrelle ; [versión española de Eugenio Tejada]. |
| 250 ## - MENCION DE EDICION | |
| Mención de edición | [1ª ed.]. |
| 260 ## - PUBLICACIÓN, DISTRIBUCIÓN, ETC. | |
| Lugar de publicación, distribución, etc. | Barcelona : |
| Nombre del editor, distribuidor, etc. | Luis de Caralt, |
| Fecha de publicación, distribución, etc. | [1951] ( |
| Fabricante | Hesperia) |
| 300 ## - DESCRIPCIÓN FÍSICA | |
| Extensión | 429 p., 4 lám. ; |
| Dimensiones | 20 cm. |
| 490 1# - MENCIÓN DE SERIE | |
| Mención de serie | La vida vivida |
| 650 04 - PUNTO DE ACCESO ADICIONAL DE MATERIA--TÉRMINO DE MATERIA | |
| Término de materia o nombre geográfico como elemento de entrada | Guerra mundial, 1939-1945- |
| Subdivisión general | Campañas- |
| Subdivisión geográfica | URSS. |
| 9 (RLIN) | 13234 |
| 700 1# - ENTRADA AGREGADA--NOMBRE PERSONAL | |
| Nombre de persona | Tejada, Eugenio. |
| 9 (RLIN) | 109555 |
| 830 03 - PUNTO DE ACCESO ADICIONAL DE SERIE-TÍTULO UNIFORME | |
| Título uniforme | La vida vivida |
| 9 (RLIN) | 180877 |
| 852 ## - LOCALIZACIÓN | |
| Ubicación | ES-MaACL |
| Número de control de estantería | D-5493 |
| Sublocalización o colección | R.31021 |
| Estatus retirado | Estado de pérdida | Estado de daño | No para préstamo | Biblioteca de origen | Biblioteca actual | Ubicación en estantería | Fecha de adquisición | Fuente de adquisición | Total de préstamos | Signatura topográfica completa | Código de barras | Visto por última vez | Precio de reemplazo | Tipo de ítem Koha |
|---|---|---|---|---|---|---|---|---|---|---|---|---|---|---|
| Biblioteca del Ateneo de Madrid | Biblioteca del Ateneo de Madrid | Sala Valle Inclán | 17/01/2008 | D-5493 | 901055551 | 23/02/2023 | 23/02/2023 | Libro impreso |
